000 00378nam a22001337a 4500
999 _c130470
_d130470
008 200519b ||||| |||| 00| 0 eng d
050 _aSPC. HS3.T319
100 _aStacer, John R.
_949787
245 _aTerm papers
_cJohn R. Stacer
260 _aSaint Louis
_bSaint Louis University
_c1958-67
300 _avi, 24p. ;
_c31cm.
500 _aTerm papers
942 _2lcc
_cMONOGRAPH